|
|
|
|
| LEADER |
00000nam0a2200000 4500 |
| 001 |
124132 |
| 005 |
20231031130800.0 |
| 010 |
|
|
|a 5469012956
|
| 010 |
|
|
|a 5-469-01297-2
|
| 035 |
|
|
|a (RuTPU)RU\TPU\book\134343
|
| 090 |
|
|
|a 124132
|
| 100 |
|
|
|a 20071029d2007 m y0rusy50 ca
|
| 101 |
0 |
|
|a rus
|
| 102 |
|
|
|a RU
|
| 105 |
|
|
|a a j 001zy
|
| 200 |
1 |
|
|a Turbo Pascal
|e учебное пособие для вузов
|f В. В. Фаронов
|
| 210 |
|
|
|a Санкт-Петербург
|c Питер
|d 2007
|
| 215 |
|
|
|a 367 с.
|c ил.
|
| 225 |
1 |
|
|a Учебное пособие
|
| 225 |
1 |
|
|a Издательская программа "300 лучших учебников для высшей школы в честь 300-летия Санкт-Петербурга"
|
| 320 |
|
|
|a Алфавитный указатель: с. 360-366.
|
| 330 |
|
|
|a Книга написана самым известным и авторитетным в нашей стране автором по тематикам Pascal и Delphi. Она является наиболее полным описанием системы Turbo Pascal 7.0 и языка программирования Borland Pascal with objects. Издание содержит описание основ объектно-ориентированного программирования (ООП) и, в отличие от многих других изданий по Turbo Pascal, подробное описание основанной на этом подходе библиотеки Turbo Vision. Поскольку ООП — основной инструмент систем программирования Delphi, Visual Studio и других, то этот материал облегчает переход к современным инструментальным средствам разработки. Книга также содержит общие сведения о системах счисления, алгоритмах и программах, контрольные вопросы и задания, что позволяет использовать ее в качестве учебного пособия по курсам «Информатика», «Основы информатики», «Программирование на языках высокого уровня». Для школьников, студентов, преподавателей и всех желающих освоить основы программирования. Допущено Министерством образования и науки Российской Федерации в качестве учебного пособия для студентов высших учебных заведений, обучающихся по направлению подготовки «Информатика и вычислительная техника».
|
| 451 |
|
1 |
|0 (RuTPU)RU\TPU\book\163640
|y 978-5-469-01295-5
|t Turbo Pascal
|o учебное пособие для вузов
|f В. В. Фаронов
|c СПб.
|n Питер
|d 2009
|p 367 с.
|s Учебное пособие
|a Фаронов, Валерий Васильевич
|
| 610 |
1 |
|
|a языки программирования
|
| 610 |
1 |
|
|a Турбо Паскаль
|
| 610 |
1 |
|
|a элементы
|
| 610 |
1 |
|
|a операторы
|
| 610 |
1 |
|
|a данные
|
| 610 |
1 |
|
|a процедуры
|
| 610 |
1 |
|
|a функции
|
| 610 |
1 |
|
|a файлы
|
| 610 |
1 |
|
|a программирование
|
| 610 |
1 |
|
|a Crt
|
| 610 |
1 |
|
|a Graph
|
| 610 |
1 |
|
|a типовые задачи
|
| 610 |
1 |
|
|a учебные пособия
|
| 675 |
|
|
|a 681.3.06:800.92(075.8)
|v 3
|
| 700 |
|
1 |
|a Фаронов
|b В. В.
|g Валерий Васильевич
|
| 801 |
|
1 |
|a RU
|b 63413507
|c 20071029
|g PSBO
|
| 801 |
|
2 |
|a RU
|b 63413507
|c 20210224
|g PSBO
|
| 900 |
|
|
|a Языки программирования и методы трансляции
|
| 900 |
|
|
|a Программирование
|
| 900 |
|
|
|a Программирование на Турбо Паскале
|
| 942 |
|
|
|c BK
|
| 952 |
|
|
|a 552800
|b 230100
|b 230000
|
| 959 |
|
|
|a 70/20071010
|d 3
|e 138,00
|f АНЛ:2
|f ЧЗТЛ:1
|